Fun-to-learn Bible (Record no. 550198)
[ view plain ]
| 000 -LEADER | |
|---|---|
| fixed length control field | 00513cam a2200181 a 4500 |
| 020 ## - INTERNATIONAL STANDARD BOOK NUMBER | |
| International Standard Book Number | 1559451963 (v. 1 : pbk.) : |
| 082 00 - DEWEY DECIMAL CLASSIFICATION NUMBER | |
| Classification number | 513 |
| Author Mark | MCK |
| 245 00 - TITLE STATEMENT | |
| Title | Fun-to-learn Bible |
| 260 ## - PUBLICATION, DISTRIBUTION, ETC. | |
| Place of publication, distribution, etc. | Loveland, Colo. : |
| Name of publisher, distributor, etc. | Group, |
| 300 ## - PHYSICAL DESCRIPTION | |
| Other physical details | ill. ; |
| Dimensions | 25 cm. |
| 500 ## - GENERAL NOTE | |
| General note | Vol. 2: contributors, Carolyn Berge ... et al. |
| 526 ## - STUDY PROGRAM INFORMATION NOTE | |
| Program name | 0 |
| Interest level | 0 |
| Reading level | 0 |
| Title point value | 513_000000000000000_MCK |
| 650 #0 - SUBJECT ADDED ENTRY--TOPICAL TERM | |
| Topical term or geographic name entry element | MCE |
| 9 (RLIN) | 379 |
| 700 1# - ADDED ENTRY--PERSONAL NAME | |
| Personal name | Berge, Carolyn. |
| 9 (RLIN) | 46921 |
| 700 1# - ADDED ENTRY--PERSONAL NAME | |
| Personal name | Goings, Nanette. |
| 9 (RLIN) | 46922 |
| 700 1# - ADDED ENTRY--PERSONAL NAME | |
| Personal name | Lingo, Susan L. |
| 9 (RLIN) | 46923 |
| 942 ## - ADDED ENTRY ELEMENTS (KOHA) | |
| Source of classification or shelving scheme | |
| Koha item type | Book |
| Withdrawn status | Lost status | Source of classification or shelving scheme | Damaged status | Not for loan | Permanent Location | Current Location | Date acquired | Total Checkouts | Full call number | Barcode | Date last seen | Price effective from | Koha item type |
|---|---|---|---|---|---|---|---|---|---|---|---|---|---|
| Military College of Engineering (MCE) | Military College of Engineering (MCE) | 10/27/2014 | 513 MCK | MCE-44439 | 10/27/2014 | 10/27/2014 | Book |
